Statistics for 50 Most Important People Ever

Click here to take the quiz!

General Stats

  • This quiz has been taken 35 times
  • The average score is 2 of 50

Answer Stats

#Person% Correct
43Jesus
88%
39Me
9%
2Mohamed Labib
9%
4Cal Heeter
6%
8IceJJFish
6%
1James Cameron
6%
17Liam McBain
6%
28Ahmed Zohni
3%
9Arthur
3%
44Ash Ketchum
3%
31Brent
3%
50Chief Keith
3%
19Colby Armstrong
3%
18Dany Heatley
3%
35Eima Aldman
3%
46Fat Amy
3%
29George Bush
3%
22Grimace
3%
33Harold
3%
40Kawasakeith
3%
15Keithita Keithson
3%
45Keithita Keithson Jr.
3%
3Keith Keithson
3%
12Keith Keithson Jr.
3%
21Keith Keithson Sr.
3%
36Lionel
3%
34Marilyn Manson
3%
48Mats Zuccarello
3%
47McBain
3%
5Shrek
3%
26Tomas Kaberle
3%
13Tom Gilbert
3%
10Biznasty
0%
16Chris Brown
0%
24Dustin's Dojo
0%
23Ernie the Giant Chicken
0%
25Flickaboo
0%
37Froggy Fresh
0%
6Illuminati
0%
7Kool Boi
0%
38Mayor McCheese
0%
49Mitt Romney
0%
14Money Maker Mike
0%
30Older George Bush
0%
20Quintford
0%
41Squidward
0%
27Terry Terry
0%
11Vennu Mallesh
0%
32Zanzibar
0%
42Zanzibar Jr.
0%

Score Distribution

Percentile by Number Answered

Percent of People with Each Score

Your Score History

You have not taken this quiz